[Event "ITA-ch U20"]
[Site "Tarvisio"]
[Date "2023.07.09"]
[Round "9"]
[White "Gervasi, Giulia"]
[Black "Corvi, Maddalena"]
[Result "1-0"]
[WhiteElo "1162"]
[BlackElo "1494"]
[PlyCount "79"]
[EventDate "2023.07.02"]
[EventType "swiss"]
[EventRounds "9"]
[EventCountry "ITA"]
[SourceTitle "EXT 2024"]
[Source "ChessBase"]
[SourceDate "2023.10.10"]
[SourceVersion "1"]
[SourceVersionDate "2023.10.10"]
[SourceQuality "1"]

1. e4 c6 2. d4 d5 3. exd5 cxd5 4. Bd3 Nc6 5. Nf3 Nf6 6. h3 g6 7. Nc3 Bg7 8. 0-0 0-0 9. Re1 b6 10. Be3 Bb7 11. Qd2 Rc8 12. a3 Na5 13. b3 Re8 14. Bb5 Nc6 15. Bh6 Bxh6 16. Qxh6 a6 17. Bxc6 Rxc6 18. Re3 Qc7 19. Ne2 Rxc2 20. Ng5 Qd6 21. h4 Bc8 22. Ng3 Bg4 23. h5 Qf4 24. Rf1 Rxf2 25. Rxf2 Qxe3 26. hxg6 fxg6 27. Qh4 Rc8 28. Nf1 Be2 29. Nxe3 Rc1+ 30. Kh2 Bh5 31. Qg3 Rc3 32. Qb8+ Kg7 33. Ne6+ Kf7 34. Ng5+ Kg7 35. Qe5 Kh6 36. Nf7+ Kg7 37. Qxe7 Rxe3 38. Qxf6+ Kf8 39. Nd6+ Kg8 40. Qf8# 1-0

[Event "ITA-chT (Women)"]
[Site "Bacoli"]
[Date "2023.04.28"]
[Round "2.4"]
[White "Glover, Sharon"]
[Black "Gervasi, Giulia"]
[Result "1-0"]
[WhiteElo "1441"]
[BlackElo "1054"]
[PlyCount "87"]
[EventDate "2023.04.25"]
[EventType "team-tourn"]
[EventRounds "7"]
[EventCountry "ITA"]
[SourceTitle "CBM 214 Extra"]
[Source "ChessBase"]
[SourceDate "2023.07.31"]
[SourceVersion "1"]
[SourceVersionDate "2023.07.31"]
[SourceQuality "1"]

1. d4 d5 2. c4 e6 3. Nc3 Nf6 4. Bg5 Be7 5. e3 h6 6. Bxf6 Bxf6 7. Nf3 0-0 8. Be2 dxc4 9. Bxc4 Nd7 10. 0-0 c5 11. Ne4 cxd4 12. Nxd4 e5 13. Nb5 a6 14. Nbd6 b5 15. Bd5 Rb8 16. Nxf7 Qb6 17. Nxe5+ Kh7 18. Nxd7 Bxd7 19. Nxf6+ Qxf6 20. Be4+ Bf5 21. Bxf5+ Qxf5 22. Qb1 Qxb1 23. Raxb1 Rbe8 24. Rfd1 Rf6 25. Rd7 Rc8 26. Rbd1 Rc2 27. R7d2 Rcc6 28. e4 Rfe6 29. Re1 Rc4 30. f3 Rc5 31. Kf2 Kg6 32. f4 Re7 33. Rd6+ Kf7 34. e5 a5 35. Red1 Rcc7 36. R6d5 Rb7 37. g4 a4 38. Kf3 b4 39. f5 Ra7 40. e6+ Kf6 41. Rd7 Rb7 42. Kf4 g5+ 43. fxg6 Kxe6 44. R1d6# 1-0

[Event "ITA-chT (Women)"]
[Site "Bacoli"]
[Date "2023.04.27"]
[Round "1.4"]
[White "Di Primio, Eugenia"]
[Black "Gervasi, Giulia"]
[Result "1-0"]
[WhiteElo "1881"]
[BlackElo "1054"]
[PlyCount "115"]
[EventDate "2023.04.25"]
[EventType "team-tourn"]
[EventRounds "7"]
[EventCountry "ITA"]
[SourceTitle "CBM 214 Extra"]
[Source "ChessBase"]
[SourceDate "2023.07.31"]
[SourceVersion "1"]
[SourceVersionDate "2023.07.31"]
[SourceQuality "1"]

1. e4 e5 2. Nf3 Nc6 3. d4 Nf6 4. d5 Nb8 5. Bd3 d6 6. h3 h6 7. Be3 c6 8. c4 Be7 9. Nc3 Nbd7 10. Qd2 cxd5 11. cxd5 Nb6 12. 0-0 0-0 13. a4 a5 14. Qe2 Bd7 15. Nd2 Nh7 16. f4 exf4 17. Bxf4 Bc8 18. Nb5 Kh8 19. Nb3 Nf6 20. Qd2 Nbd7 21. Rac1 Ne5 22. Nc7 Rb8 23. Nxa5 Kg8 24. Kh2 Nh5 25. Be3 Bg5 26. Be2 Bxe3 27. Qxe3 Nf6 28. Nb3 Qd7 29. Nb5 Ra8 30. a5 Kh8 31. N5d4 Kg8 32. Nf5 Qd8 33. Nbd4 Bxf5 34. Nxf5 Rxa5 35. Qg3 Ng6 36. Nxd6 Qd7 37. Bf3 Qe7 38. Nc4 Ra4 39. b3 Rb4 40. e5 Nd7 41. e6 fxe6 42. Qxg6 Rxb3 43. Qxe6+ Qxe6 44. dxe6 Nf6 45. Nd6 b6 46. e7 Rb8 47. e8Q+ Nxe8 48. Bd5+ Kh7 49. Bxb3 Nxd6 50. Rc6 Nb5 51. Bc4 Nd4 52. Rc7 b5 53. Bd3+ Kh8 54. Rff7 Rg8 55. Rcd7 Nc6 56. Rd6 Ne5 57. Rxh6+ gxh6 58. Rh7# 1-0